000 00352 a2200157 4500
001 168085
020 _a
040 _cMagnum
100 _aChizzotti, Antonio
240 1 0 _aPesquisa em ciencias humanas e sociais
_lpor
245 1 0 _aPesquisa em ciencias humanas e sociais
362 0 _a1899
440 1 _aCortez
697 _aGERAL
942 _cBK
999 _c168085
_d168085